01090nam a2200193Ia 4500001001000000003001000010008004100020040002500061041001300086100003100099245002600130250001100156260008600167300002800253500023600281501011400517520023600631650002900867L232-6609IT-CnALBA170116s9999||||xx |||||||||||||| ||und|| aIT-CnALBAcIT-CnALBA aITALIANO aGILARDI PIETRO, SACERDOTE. 0aCONTATTI CON CRISTO.  a1a ed. aTORINObLICE. ROBERTO BERRUTI & C.c1944 [1° Ed.:1944 - Ed.Ling.Originale: 1944] a266 p. (prefazione: 13) aMEDITAZIONI SU GESÙ. PRESENTAZIONE DI MONS. BARGIGGIA. NASCITA DI GESÙ. LA MADRE MARIA. GESÙ E SATANA. SOLITUDINE DI GESÙ. NICODEMO. LA SAMARITANA. PASSIONE E MORTE IN CROCE DI GESÙ. GLI AMICI DI GESÙ. LA RISURREZIONE.  aSocietà San Paolo EM - Piazza San Paolo, 14 - 12051 ALBA (CN) (non commercial uses only) ® Copyright 2017 aMEDITAZIONI SU GESÙ. PRESENTAZIONE DI MONS. BARGIGGIA. NASCITA DI GESÙ. LA MADRE MARIA. GESÙ E SATANA. SOLITUDINE DI GESÙ. NICODEMO. LA SAMARITANA. PASSIONE E MORTE IN CROCE DI GESÙ. GLI AMICI DI GESÙ. LA RISURREZIONE.  aVITA E MISTERO DI CRISTO